| 000 | 00749nam a2200253Ia 4500 | ||
|---|---|---|---|
| 003 | OSt | ||
| 005 | 20221007101435.0 | ||
| 006 | a|||||r|||| 00| 0 | ||
| 007 | ta | ||
| 008 | 221006b |||||||| |||| 00| 0 eng d | ||
| 024 | _a6,460 | ||
| 037 | _cTextual | ||
| 040 |
_aLCO _cLCO _beng |
||
| 041 |
_2eng _aeng |
||
| 082 | _aX5:55, L4 | ||
| 100 |
_aRao Vedula Jagannadha _9687690 |
||
| 245 | 0 | _aCommentaries on the Law of Essential Commodities and Central Control Orders With foreword by Hon'ble Sh. S. Obul Reddy | |
| 250 | _a2nd | ||
| 260 |
_aHyderabad _bAsia Law House India _c1974 |
||
| 300 | _a560 | ||
| 650 | _aESSENTIAL COMMODITIES | ||
| 942 |
_hX5:55, L4 _cTEXL |
||
| 999 |
_c1176023 _d1176023 |
||